Diccionario de química

Saved in:
Bibliografiske detaljer
Format: Bog
Sprog:spansk
Udgivet: Madrid Complutense 1999
Serier:Diccionarios Oxford-Complutense
Fag:
Tags: Tilføj Tag
Ingen Tags, Vær først til at tagge denne postø!

MARC

LEADER 00000nam a2200000 a 4500
001 UCL3808
003 CL-VaPUC
008 031212e19990000SP |||||||||||||||||spa|d
020 |a 8489784728 
082 0 4 |a 540.3  |b DIC  |2 21 
245 1 0 |a Diccionario de química 
300 |a 645 p 
942 |c BK 
945 |d 20031212 00:00:00  |a cmena 
260 |a Madrid  |b Complutense  |c 1999 
650 0 |a Química  |9 259896 
650 0 |a Diccionarios  |9 256200 
650 0 |a Glosarios  |9 261047 
583 |a last modification  |c 20031212 00:00:00  |k Rodrigo Vera 
490 0 |a Diccionarios Oxford-Complutense 
999 |c 306813  |d 306811 
952 |0 0  |1 0  |4 0  |6 540_300000000000000_DIC_1999  |7 0  |8 X  |9 372151  |a BIBEDU  |b BIBEDU  |d 2019-11-21  |i 397362K  |o 540.3 DIC 1999  |p 397362K  |r 2023-01-13  |w 2019-11-21  |y BK_X  |k CIT